[Event "Open A"]
[Site "Krakow POL"]
[Date "2005.01.03"]
[Round "8"]
[White "Solodovnichenko,Y"]
[Black "Lubczynski,R"]
[Result "1-0"]
[WhiteElo "2516"]
[BlackElo "2252"]

1.e4 d6 2.d4 Nf6 3.Nc3 e5 4.Nf3 Nbd7 5.Bc4 Be7 6.O-O O-O 7.Re1 c6 8.a4 b6
9.d5 cxd5 10.Nxd5 Bb7 11.b3 Rc8 12.Re2 Nxd5 13.Bxd5 Bxd5 14.Qxd5 Nf6 15.Qd1 Qc7
16.c4 a6 17.Qd3 Qb7 18.Nh4 Nxe4 19.Qxe4 Qxe4 20.Rxe4 f5 21.Nxf5 Rxf5 22.Be3 Bd8
23.Rd1 Bc7 24.Rd5 Rff8 25.h3 h6 26.Kf1 Kf7 27.Ke2 b5 28.axb5 axb5 29.Rxb5 Rb8
30.f4 Ke6 31.fxe5 dxe5 32.Ba7 Rxb5 33.cxb5 Bd6 34.Rg4 Rf7 35.Be3 Kd5 36.Kd3 Re7
37.b6 e4+ 38.Ke2 Be5 39.Rg6 Rb7 40.h4 Rb8 41.b4 Ra8 42.b7 Ra2+ 43.Kd1 Kc4
44.Re6 Bb8 45.Re8 Bd6 46.Rxe4+  1-0

[Event "11th Open"]
[Site "Verona ITA"]
[Date "2005.01.03"]
[Round "2"]
[White "Vocaturo,D"]
[Black "Moser,E"]
[Result "0-1"]
[WhiteElo "2226"]
[BlackElo "2447"]

1.e4 d6 2.d4 Nf6 3.Nc3 Nbd7 4.Nge2 e5 5.g3 g6 6.Bg2 Bg7 7.O-O O-O 8.h3 c6
9.a4 exd4 10.Nxd4 Re8 11.Re1 a5 12.Nb3 Qc7 13.f4 Nb6 14.Nd4 Bd7 15.Qd3 Nbd5
16.Be3 Nxe3 17.Rxe3 Qb6 18.Rae1 Nxe4 19.Rxe4 Bxd4+ 20.Kh2 d5 21.Rxe8+ Rxe8
22.Rxe8+ Bxe8 23.Qe2 Kf8 24.Nd1 Bd7 25.c3 Bf6 26.Nf2 Qb3 27.Ng4 Bg7 28.Ne5 Be6
29.Qf2 Kg8 30.Qa7 Bxe5 31.fxe5 Qxb2 32.Qxa5 h5 33.g4 Qe2 34.Qd8+ Kh7 35.Qg5 c5
36.gxh5 Qxh5 37.Qxh5+ gxh5 38.a5 Kg7 39.Kg3 f6 40.Kf4 h4 41.c4 dxc4 42.Bxb7 c3
43.Ke3 Bc4 44.e6 f5 45.e7 Kf7 46.a6 f4+ 47.Ke4 Bxa6 48.Bc6 Kxe7 49.Ba4 Bf1
50.Kxf4 Bxh3 51.Bc2 Be6 52.Ke3 h3 53.Be4 h2 54.Ke2 Kd6  0-1

[Event "11th Open"]
[Site "Verona ITA"]
[Date "2005.01.03"]
[Round "3"]
[White "Shytaj,L"]
[Black "Skembris,S"]
[Result "1-0"]
[WhiteElo "2356"]
[BlackElo "2446"]

1.e4 d6 2.d4 Nf6 3.Nc3 e5 4.Nge2 c6 5.f3 Nbd7 6.Be3 b5 7.d5 Bb7 8.dxc6 Bxc6
9.Ng3 Qa5 10.a3 a6 11.Qd2 g6 12.Rd1 Be7 13.Be2 h5 14.h4 Rc8 15.Bg5 Qb6 16.Nf1 Kf8
17.Ne3 Kg7 18.Rf1 Rhe8 19.g4 hxg4 20.Nxg4 Nxg4 21.fxg4 Bxg5 22.Qxg5 Re6 23.h5 Rh8
24.Rd3 b4 25.axb4 Qxb4 26.Rdf3 Rf8 27.h6+ Kh8 28.Rxf7 Rfe8 29.h7 Qxb2 30.Kd2 Ba4
31.Nxa4 Rc8  1-0

[Event "11th Open"]
[Site "Verona ITA"]
[Date "2005.01.03"]
[Round "3"]
[White "Miatello,A"]
[Black "De Santis,A"]
[Result "1/2-1/2"]
[WhiteElo "2087"]
[BlackElo "2268"]

1.e4 d6 2.d4 Nf6 3.Nc3 c6 4.f4 Qa5 5.Bd3 e5 6.dxe5 dxe5 7.f5 b5 8.Bd2 Qc7
9.Qf3 Nbd7 10.g4 h6 11.h4 Nb6 12.g5 hxg5 13.hxg5 Rxh1 14.Qxh1 Nfd7 15.Qh5 Bb7
16.Rd1 b4 17.Nce2 Nc5 18.b3 Nxd3+ 19.cxd3 O-O-O 20.Be3 Ba6 21.Nc1 Kb7 22.Nf3 Rd7
23.Qh2 f6 24.d4 Qd8 25.Qc2 exd4 26.Nxd4 Bd6 27.Nce2 c5 28.Ne6 Qh8 29.Nxc5+ Bxc5
30.Qxc5 Qh1+ 31.Bg1 Rxd1+ 32.Kxd1 Qxe4 33.Qe3 Qxf5 34.Qe7+ Qd7+ 35.Qxd7+ Nxd7
36.gxf6 Bxe2+ 37.Kxe2 gxf6 38.Bd4 a5 39.Kf3 Kc6 40.Ke4 Kd6 41.Kf5 Kd5 42.Be3 Nc5
43.Kxf6 Ne4+ 44.Kf5 Nc3 45.Bb6 a4 46.bxa4 Nxa2 47.Bd8 Nc1 48.Be7 b3 49.Ba3 Nd3
50.a5 Nb4 51.Bb2 Kc4 52.Ke4 Kb5 53.Kd4 Kxa5 54.Kc4 Ka4 55.Bc3 Nc2 56.Bb2 Ne3+
57.Kd3 Nd1 58.Bd4 Ka3 59.Kd2 Nf2 60.Kc1 Ka2 61.Kd2  1/2-1/2

[Event "112th ch-NZL"]
[Site "Wanganui NZL"]
[Date "2005.01.04"]
[Round "4"]
[White "Van der Hoorn,M"]
[Black "Bennett,H"]
[Result "0-1"]
[WhiteElo "2133"]
[BlackElo "2093"]

1.e4 d6 2.d4 Nf6 3.Nc3 c6 4.Be3 Qa5 5.Qd2 Nbd7 6.Nf3 e5 7.Bd3 b5 8.O-O Be7
9.Rad1 O-O 10.dxe5 dxe5 11.Nd5 Qd8 12.Nxf6+ Bxf6 13.Qe2 Qe7 14.Nd2 a6 15.a4 Bb7
16.Nb3 Rac8 17.Qg4 Rfd8 18.Bd2 Nf8 19.Ba5 Re8 20.Bb6 c5 21.c4 b4 22.Bb1 Ne6
23.Rfe1 Bc6 24.Na5 Nd4 25.Rxd4 exd4 26.e5 g6 27.Nb3 Bxa4 28.Nc1 Qb7 29.Nd3 Qxb6
30.exf6 Rxe1+ 31.Nxe1 Re8 32.Be4 Qxf6 33.Nd3 Qe7 34.Kf1 Kg7 35.g3 Bb3 36.Bd5 Bc2
37.Nf4 Qe1+ 38.Kg2 Be4+ 39.f3 Qd2+ 40.Kh3 Bf5 41.Nh5+ Kh8  0-1

[Event "11th Open"]
[Site "Verona ITA"]
[Date "2005.01.05"]
[Round "5"]
[White "Godena,M"]
[Black "Borgo,G"]
[Result "1/2-1/2"]
[WhiteElo "2550"]
[BlackElo "2388"]

1.e4 d6 2.d4 Nf6 3.Nc3 e5 4.Nf3 Nbd7 5.Bc4 Be7 6.O-O O-O 7.Re1 c6 8.a4 a5
9.h3 h6 10.Be3 Nh7 11.Ne2 Ng5 12.Ng3 Nxf3+ 13.Qxf3 exd4 14.Bxd4 Bf6 15.Bxf6 Qxf6
16.Qxf6 Nxf6 17.Rad1 Ne8 18.Nf1 g6 19.Ne3 Kg7 20.Bb3 Be6 21.Rd3 Ra7 22.Bxe6 fxe6
23.Nc4 d5 24.exd5 exd5 25.Re7+ Rf7 26.Rxe8 dxc4 27.Rd6 Ra6 28.Ree6 Rb6 29.Rxg6+ Kf8
30.Rg4 Rb4 31.Rxh6 Rxa4 32.Rhh4 b5  1/2-1/2

[Event "XI Open A"]
[Site "Bosnjaci CRO"]
[Date "2005.01.08"]
[Round "8"]
[White "Fercec,N"]
[Black "Boskovic,D"]
[Result "1-0"]
[WhiteElo "2477"]
[BlackElo "2408"]

1.e4 d6 2.d4 Nf6 3.Nc3 e5 4.Nf3 Nbd7 5.Bc4 Be7 6.O-O c6 7.a4 Qa5 8.Bd2 exd4
9.Nd5 Qd8 10.Nxe7 Qxe7 11.Nxd4 Nxe4 12.Bd3 d5 13.Nf5 Qf6 14.Bxe4 dxe4 15.Qg4 O-O
16.Bc3 Ne5 17.Qxg7+ Qxg7 18.Nxg7 Kxg7 19.Bxe5+ f6 20.Bd4 b6 21.b4 Rd8 22.c3 Ba6
23.Rfe1 Re8 24.a5 Bc4 25.axb6 axb6 26.Bxb6 f5 27.Ra5 Ra6 28.Bd4+ Kg6 29.f3 Rxa5
30.bxa5 Bd3 31.fxe4 fxe4 32.Kf2 Rf8+ 33.Ke3 Rf5 34.Ra1 c5 35.Bh8 Rf7 36.Be5 Kf5
37.Bd6 Ke6 38.Bxc5 Kd5 39.a6 Bxa6 40.Rxa6 Kxc5 41.Re6 Rb7 42.Rxe4 Rb2 43.Kf3 Rb3
44.Re3 Kc4 45.g4 Rb1 46.Kf4 Rb7 47.g5 Kd5 48.Kg4 Rb2 49.h3  1-0

[Event "XXX Open"]
[Site "Seville ESP"]
[Date "2005.01.08"]
[Round "2"]
[White "Aranaz Portugues,J"]
[Black "Paunovic,D"]
[Result "0-1"]
[WhiteElo "2084"]
[BlackElo "2520"]

1.d4 d6 2.e4 Nf6 3.Nc3 e5 4.d5 Be7 5.f3 O-O 6.Be3 c6 7.Nge2 Qa5 8.Qd2 cxd5
9.Nxd5 Qxd2+ 10.Kxd2 Nxd5 11.exd5 Nd7 12.a4 f5 13.Nc3 a6 14.a5 Bd8 15.Bd3 Nf6
16.b4 Bd7 17.Bc4 Rc8 18.Bb3 Be8 19.Na4 f4 20.Bb6 Bxa4 21.Rxa4 Bxb6 22.axb6 Nd7
23.Kd3 Nxb6 24.Ra5 Kh8 25.c4 e4+ 26.fxe4 f3 27.Kd4 fxg2 28.Rg1 Rf3 29.Ba2 Rf2
30.c5 Nd7 31.c6 bxc6 32.Rxa6 c5+ 33.Ke3 Rcf8 34.bxc5 Nxc5 35.Rxd6 Rxa2 36.e5 Ra4
37.Rxg2 Re4+ 38.Kd2 Rxe5 39.Kc2 h6 40.Rdg6 Rf7 41.Rd2 Ne4 42.Rd4 Nf6 43.d6 Rd7  0-1

[Event "11th Open"]
[Site "Verona ITA"]
[Date "2005.01.08"]
[Round "8"]
[White "Shytaj,L"]
[Black "Moser,E"]
[Result "1-0"]
[WhiteElo "2356"]
[BlackElo "2447"]

1.e4 d6 2.d4 Nf6 3.Nc3 Nbd7 4.f4 e5 5.Nf3 exd4 6.Qxd4 c6 7.Be3 d5 8.exd5 Bc5
9.Qd3 Qe7 10.Kd2 Bb4 11.dxc6 bxc6 12.Re1 Ne4+ 13.Kd1 Bxc3 14.bxc3 Ndf6 15.Bd4 O-O
16.Qe3 Bf5 17.Bxf6 Qxf6 18.Ne5 Rab8 19.Bc4 Rb7 20.Ke2 Re8 21.Kf3 h5 22.g3 Nd6
23.Bd3 Bh3 24.Qc5 Rbe7 25.Kf2 Nb7 26.Qxc6 Be6 27.Qf3 g6 28.Nc6 Rc7 29.Nd4 Nc5
30.Re5 Rd8 31.Nxe6 Nxe6 32.Rhe1 Rxc3 33.Qe3 a5 34.Rxa5 Nd4 35.Ra6 Qxa6 36.Bxa6 Rxe3
37.Rxe3 Nxc2 38.Re2 Nb4 39.Bc4 Rc8 40.Bb3 Kf8 41.Re3 Rc1 42.Re4 Nd3+ 43.Ke3 Nb2
44.Kd2 Rc7 45.Rd4 h4 46.a4 h3 47.a5  1-0

[Event "11th Open"]
[Site "Verona ITA"]
[Date "2005.01.09"]
[Round "9"]
[White "Luther,T"]
[Black "De Santis,A"]
[Result "1-0"]
[WhiteElo "2540"]
[BlackElo "2268"]

1.e4 d6 2.d4 Nf6 3.Nc3 c6 4.Nf3 Bg4 5.h3 Bh5 6.Bg5 h6 7.Bxf6 gxf6 8.g4 Bg6
9.Qe2 Qa5 10.Nd2 h5 11.Bg2 hxg4 12.hxg4 Rxh1+ 13.Bxh1 Bh6 14.Nc4 Qg5 15.Ne3 Nd7
16.O-O-O Qa5 17.Kb1 O-O-O 18.Nc4 Qa6 19.Bg2 Nb6 20.Nxb6+ Qxb6 21.Qf1 e5 22.d5 c5
23.Qc4 a6 24.Rh1 Bg5 25.a4 Kb8 26.Bf1 Qa5 27.f3 Rc8 28.Qb3 Ka7 29.Bc4 Qb4
30.Qa2 Kb8 31.Ka1 Qa5 32.Nb1 Kc7 33.Be2 Kd7 34.c3 Ke7 35.Qa3 Qc7 36.Qb3 Rb8
37.Na3 Bf4 38.Kb1 Bg5 39.Kc2 Bf4 40.Qc4 Qa5 41.Kb1 Rc8 42.Qb3 Qc7 43.Nc4 Rb8
44.a5 Rd8 45.Kc2 Bg5 46.Qb6 Qxb6 47.axb6 Kd7 48.Kd3 Kc8 49.Bd1 Bf4 50.Ba4 Bg5
51.Na5 Bf4 52.b4 cxb4 53.cxb4 Kb8 54.Bc6 bxc6 55.Nxc6+ Kb7 56.Nxd8+ Kxb6
57.Nc6 Bf5 58.exf5 e4+ 59.Kxe4 Bd2 60.Rd1 Bc3 61.Kd3 Be5 62.Nxe5 fxe5 63.g5 a5
64.bxa5+ Kc5 65.Ke4  1-0

[Event "Extraliga CZE 2004-5"]
[Site "Czech Rep CZE"]
[Date "2005.01.15"]
[Round "5"]
[White "Sikora Lerch,J"]
[Black "Orsag,Mil1"]
[Result "0-1"]
[WhiteElo "2307"]
[BlackElo "2402"]

1.e4 d6 2.d4 Nf6 3.Nc3 e5 4.dxe5 dxe5 5.Qxd8+ Kxd8 6.Bc4 Be6 7.Bxe6 fxe6
8.f3 Bd6 9.b3 a6 10.Bb2 Ke7 11.Nh3 Nc6 12.Nf2 h6 13.Nd3 Nd7 14.Nd1 Nd4 15.Ne3 c5
16.c3 Nc6 17.Ke2 b5 18.Rhd1 Nb6 19.g3 c4 20.Ne1 Na5 21.b4 Nc6 22.Rd2 Na4
23.Rad1 Rhd8 24.Ba1 a5 25.bxa5 Rxa5 26.N1c2 Nb6 27.Nb4 Bxb4 28.cxb4 Rxd2+
29.Rxd2 Ra3 30.Nd1 Na4 31.Nb2  0-1

[Event "Open"]
[Site "Prague CZE"]
[Date "2005.01.16"]
[Round "4"]
[White "Skjoldborg,J DEN"]
[Black "Orlov,And"]
[Result "0-1"]
[WhiteElo "2274"]
[BlackElo "2403"]

1.e4 d6 2.d4 Nf6 3.Nc3 e5 4.Nf3 exd4 5.Nxd4 Be7 6.Bf4 a6 7.a4 O-O 8.f3 c5
9.Nde2 Nc6 10.Nd5 Nxd5 11.exd5 Ne5 12.Bxe5 dxe5 13.c4 f5 14.Nc3 Bg5 15.Qe2 e4
16.Kf2 Bf6 17.f4 Bd4+ 18.Ke1 g5 19.fxg5 f4 20.h4 f3  0-1

[Event "Corus C"]
[Site "Wijk aan Zee NED"]
[Date "2005.01.18"]
[Round "4"]
[White "Muhren,B"]
[Black "Bosboom Lanchava,T"]
[Result "0-1"]
[WhiteElo "2295"]
[BlackElo "2366"]

1.e4 d6 2.d4 Nf6 3.Nc3 e5 4.Nf3 Nbd7 5.Bc4 Be7 6.O-O O-O 7.Re1 c6 8.a4 a5
9.b3 exd4 10.Nxd4 Nb6 11.Bd3 d5 12.e5 Ne8 13.f4 Bb4 14.Bd2 c5 15.Nf3 f5 16.Nb1 Bxd2
17.Nbxd2 Nc7 18.Nf1 d4 19.Bc4+ Be6 20.Bxe6+ Nxe6 21.g3 Rc8 22.c4 dxc3 23.Re3 Qxd1
24.Rxd1 c2 25.Rc1 Nd5 26.Re2 Nb4 27.Rexc2 Nxc2 28.Rxc2 Nd4 29.Nxd4 cxd4 30.Rc4 Rxc4
31.bxc4 Rc8 32.Nd2 Rc6 33.Kf2 Rb6 34.Ke2 Rb4 35.Kd3 Rxa4 36.Kxd4 b5 37.Kc5 Ra2
38.Nf3 bxc4 39.Kxc4 Rb2 40.Kc3 Rb6 41.Nd2 a4 42.Nc4 Rb3+ 43.Kc2 Kf7 44.Nd2 Rb5
45.Nc4 Ke6  0-1

[Event "Open"]
[Site "Prague CZE"]
[Date "2005.01.20"]
[Round "8"]
[White "Pel,B"]
[Black "Orlov,And"]
[Result "0-1"]
[WhiteElo "2308"]
[BlackElo "2403"]

1.Nc3 d6 2.e4 Nf6 3.d4 e5 4.Nf3 exd4 5.Nxd4 Be7 6.g3 O-O 7.Bg2 Re8 8.O-O Bf8
9.a4 a5 10.b3 Nbd7 11.Re1 c6 12.Bb2 Nc5 13.Qd2 Qc7 14.h3 Bd7 15.Re3 Rad8
16.Rae1 Qc8 17.Kh2 g6 18.R1e2 Bg7 19.f3 Qc7  0-1

[Event "4NCL"]
[Site "Nottingham ENG"]
[Date "2005.01.23"]
[Round "6"]
[White "Hunt,H"]
[Black "Rudd,J"]
[Result "1-0"]
[WhiteElo "2415"]
[BlackElo "2291"]

1.e4 d6 2.d4 Nf6 3.Nc3 c6 4.f4 Qa5 5.Bd3 e5 6.Nf3 Bg4 7.Be3 Nbd7 8.O-O Be7
9.h3 Bxf3 10.Qxf3 O-O 11.a3 Rfe8 12.Kh1 Nf8 13.Ne2 exd4 14.Nxd4 Ng6 15.Nf5 Bf8
16.Bd4 Re6 17.Rae1 Rae8 18.Re2 Qa4 19.b3 Qxa3 20.Ra1 Qb4 21.Ra4 d5 22.e5 Qxa4
23.bxa4 Nd7 24.c4 Nb6 25.Bxb6 axb6 26.cxd5 cxd5 27.Nd4 R6e7 28.Bxg6 hxg6
29.Qxd5 Ra8 30.Qc4 Kh7 31.Nf3 Ra5 32.Rc2 Rc5 33.Qb3 Rec7 34.Rxc5 Bxc5 35.Ng5+ Kg8
36.e6 fxe6 37.Qxe6+ Kf8 38.Nh7+  1-0

[Event "Corus C"]
[Site "Wijk aan Zee NED"]
[Date "2005.01.23"]
[Round "8"]
[White "Wempe,Jo"]
[Black "Bosboom Lanchava,T"]
[Result "0-1"]
[WhiteElo "2265"]
[BlackElo "2366"]

1.e4 d6 2.d4 Nf6 3.Nc3 e5 4.dxe5 dxe5 5.Qxd8+ Kxd8 6.Bc4 Ke8 7.Nf3 Bd6 8.O-O a6
9.a4 Nc6 10.Bg5 Be6 11.Bd5 Bxd5 12.exd5 Nb4 13.Bxf6 gxf6 14.Ne4 f5 15.Ng3 Nxc2
16.Rac1 Nb4 17.Nxf5 Kd7 18.Rfd1 a5 19.Ng5 f6 20.Ne4 Raf8 21.h3 h5 22.Rc4 Rhg8
23.Kf1 b6 24.g3 Rg6 25.Ke2 Rb8 26.Rdc1 Nxd5 27.Nexd6 cxd6 28.Rc6 Ke6 29.Rxd6+ Kxf5
30.Rxd5 Rgg8 31.Rd6 Rgd8 32.Rcc6 Rxd6 33.Rxd6 b5 34.axb5 Rxb5 35.Rd2 h4 36.gxh4 Rb4
37.Kf1 Rxh4 38.Rd5 a4 39.Rd3 Rb4 40.Ra3 e4 41.Kg2 Kf4 42.Ra2 f5 43.Kf1 Kg5
44.Kg2 f4 45.Kh2 Kh4 46.Kg2 f3+ 47.Kh2 Rd4 48.Ra1 Rd2 49.Rxa4 Rxf2+ 50.Kg1 Re2  0-1

[Event "1st IRT Open"]
[Site "Villa Ballester ARG"]
[Date "2005.01.25"]
[Round "3"]
[White "Sarquis,M"]
[Black "Aguila,G"]
[Result "1/2-1/2"]
[WhiteElo "2121"]
[BlackElo "2273"]

1.e4 d6 2.d4 Nf6 3.Nc3 e5 4.dxe5 dxe5 5.Qxd8+ Kxd8 6.Bg5 Be6 7.O-O-O+ Kc8
8.Nf3 Nbd7 9.Bd3 Bc5 10.Rhf1 Ng4 11.Bh4 f6 12.h3 Nh6 13.Nd2 c6 14.Bc4 Bxc4
15.Nxc4 Kc7 16.a4 Nb6 17.Nd2 Nf7 18.f3 Be3 19.b3 Rhd8 20.Bf2 Bxf2 21.Rxf2 Rd4
22.Nf1 Rad8 23.Rfd2 Rxd2  1/2-1/2

[Event "ch-Kiev"]
[Site "Kiev UKR"]
[Date "2005.01.26"]
[Round "8"]
[White "Zakharchenko,A"]
[Black "Kernazhitsky,L"]
[Result "0-1"]
[WhiteElo "2292"]
[BlackElo "2377"]

1.d4 d6 2.e4 Nf6 3.Nc3 e5 4.Nge2 Be7 5.g3 exd4 6.Nxd4 d5 7.e5 Ng4 8.Nf3 Bc5
9.Qxd5 Bxf2+ 10.Ke2 Qe7 11.Ne4 Bb6 12.h3 Be6 13.Qd3 Nc6 14.hxg4 Bxg4 15.Bg2 Rd8
16.Qb5 a6 17.Qa4 Rd4  0-1

[Event "10th HIT Open A"]
[Site "Nova Gorica SLO"]
[Date "2005.01.28"]
[Round "1"]
[White "De Val,D"]
[Black "Tratar,M"]
[Result "0-1"]
[WhiteElo "2144"]
[BlackElo "2469"]

1.d4 d6 2.e4 Nf6 3.Nc3 e5 4.Nf3 Nbd7 5.Bc4 Be7 6.O-O O-O 7.b3 c6 8.a4 b6
9.Ba3 Bb7 10.d5 cxd5 11.Bxd5 Bxd5 12.Nxd5 Nxd5 13.Qxd5 Nf6 14.Qb7 Rc8 15.Qxa7 Nxe4
16.c4 Nc5 17.Bxc5 bxc5 18.Rad1 Rc7 19.Qa5 e4 20.Nd2 f5 21.Nb1 Rb7 22.Qc3 Bf6
23.Qc2 Qb8 24.Qd2 Bd4 25.Na3 Rxb3 26.Nb5 e3 27.Qc2 Rb2  0-1

[Event "FINEC WGM"]
[Site "St Petersburg RUS"]
[Date "2005.01.28"]
[Round "2"]
[White "Doluhanova,E"]
[Black "Kirillova,V"]
[Result "1/2-1/2"]
[WhiteElo "2297"]
[BlackElo "2266"]

1.e4 d6 2.d4 Nf6 3.Nc3 e5 4.Nf3 Nbd7 5.Bc4 Be7 6.O-O O-O 7.a4 c6 8.Ba2 b6
9.Re1 a6 10.d5 c5 11.Bc4 Ne8 12.Ne2 Nc7 13.Ng3 g6 14.Bh6 Re8 15.Qd2 Nf6 16.h3 Bd7
17.Bf1 b5 18.axb5 axb5 19.Rxa8 Nxa8 20.Ra1 Qb8 21.b3 Qb7 22.Ne1 Rc8 23.c3 Nb6
24.Nc2 Ra8 25.Qc1 Ne8 26.Bd2 Ra7 27.Rxa7 Qxa7 28.Qa3 Qxa3 29.Nxa3 Nc7 30.Ne2 f5
31.f3 Bc8 32.Nc1 Ba6 33.c4 b4 34.Nc2 fxe4 35.fxe4 Ne8 36.Bd3 h5 37.Be3 Nd7
38.Ne1 Ndf6 39.Nf3 Nh7 40.Nd2 g5 41.Be2 Nef6 42.Nd3 Bc8 43.Nf2 g4 44.hxg4 hxg4
45.g3 Kf7 46.Kg2 Kg6 47.Nf1 Kh5 48.Bd1 Bf8 49.Nh2 Ng5 50.Bxg5 Kxg5 51.Be2 Bh6
52.Bd1 Kh5 53.Nf1 Bc1 54.Nd3 Bg5 55.Nf2 Bd7 56.Be2 Bc1 57.Nd3 Ba3 58.Nf2 Kg5
59.Bd3 Bb2 60.Nd1 Bd4 61.Nfe3 Kh5 62.Kf1 Nh7 63.Ke2 Ng5 64.Nf1 Be8 65.Nde3 Bg6
66.Nh2 Bxe4 67.Nexg4 Bxd3+ 68.Kxd3 e4+ 69.Ke2 Kg6 70.Ne3 Nh7 71.Nhf1 Nf6
72.Nd2 Kg5 73.Nd1 Kf5 74.Nf1 Ke5 75.Nd2 Nh5 76.Nf1 Nf6 77.Nh2 Bg1 78.Nf1 Bd4
79.Nh2 Kf5 80.Ne3+ Kg5 81.Nhf1 Nh5 82.Nd1 Ng7 83.Nd2 Kf5 84.Ne3+ Ke5 85.Ng4+ Kf5
86.Ne3+ Ke5 87.Ng4+ Kf5 88.Ne3+ Ke5  1/2-1/2

[Event "Bundesliga 2004-5"]
[Site "Erfurt GER"]
[Date "2005.01.29"]
[Round "8"]
[White "Mueller,Matt1"]
[Black "Lorscheid,G"]
[Result "1-0"]
[WhiteElo "2362"]
[BlackElo "2274"]

1.e4 d6 2.d4 Nf6 3.Nc3 e5 4.Nf3 Nbd7 5.Bc4 Be7 6.O-O O-O 7.Re1 a6 8.a4 b6
9.b3 c6 10.d5 c5 11.Rb1 Ne8 12.Bd3 g6 13.Nd2 Rb8 14.b4 cxb4 15.Rxb4 Nc5 16.Nc4 Bd7
17.Bh6 Ng7 18.Qd2 Qc7 19.Reb1 Rfc8 20.Rxb6 Nxa4 21.Nxa4 Bxa4 22.Qb4 Rxb6
23.Nxb6 Rb8 24.Qxa4 Rxb6 25.Rxb6 Qxb6 26.Bxa6 Bf8 27.g3 f5 28.Bc8 fxe4 29.Qxe4 Qc7
30.Bg4 Qc3 31.Kg2 Be7 32.Qa4 Qc7 33.Qa8+ Qd8 34.Qxd8+ Bxd8 35.Be6+ Kf8 36.g4 Bb6
37.f3 Bc5 38.Kf1 Bb6 39.Ke2 Bg1 40.h3 Bh2 41.Kd3 Bg3 42.Ke4 Bh2 43.c4 Bg1
44.Kd3 Bf2 45.Kc3 Be1+ 46.Kb3 Bg3 47.c5 dxc5 48.Kc4 Bf4 49.g5  1-0

[Event "10th HIT Open A"]
[Site "Nova Gorica SLO"]
[Date "2005.01.29"]
[Round "3"]
[White "Djingarova,E"]
[Black "Srebrnic,M"]
[Result "0-1"]
[WhiteElo "2292"]
[BlackElo "2249"]

1.e4 d6 2.d4 Nf6 3.Nc3 e5 4.Nf3 Nbd7 5.Bc4 Be7 6.O-O O-O 7.Re1 c6 8.a4 b6
9.d5 cxd5 10.Nxd5 Nxd5 11.Bxd5 Rb8 12.Ba2 Nc5 13.c4 a5 14.Bb1 Bg4 15.Ra3 Bxf3
16.Rxf3 Bg5 17.Be3 Bxe3 18.fxe3 Qd7 19.Bc2 Qc6 20.Qd5 Qxd5 21.exd5 f6 22.Ref1 Rb7
23.Rb1 g6 24.Rff1 Na6 25.g4 Nb4 26.Rf2 Rc7 27.b3 Kg7 28.Be4 Na6 29.Bc2 Rcf7
30.Kf1 f5 31.gxf5 gxf5 32.Ke2 f4 33.Rg1+ Kh8 34.Rgf1 Nc5 35.Rf3 Kg8 36.R1f2 h6
37.Rh3 Rf6 38.Rg2+ Kf7 39.Rf2 Ke7 40.exf4 exf4 41.Kd2 Nd7 42.Rh4 Ne5 43.Be4 Kd7
44.Bg2 Kd8 45.Bh3 f3 46.Be6 Rg6 47.Re4 Rg2 48.Ree2 Rxf2 49.Rxf2 Rf6 50.h3 h5
51.Ke3 Ke7 52.Rf1 Rg6 53.Bf5 Rg3 54.Kf4 h4 55.Be4 Rxh3 56.Bxf3 Rg3 57.Bd1 Ng6+
58.Ke4 Ne5 59.Rf4 Rg1 60.Bc2 Ng6 61.Rf3 Rg2 62.Bd3 Ne5 63.Rh3 Rg4+ 64.Kf5 Rg3
65.Rxg3 hxg3 66.Bf1 Nf3 67.Kg4 Nh2+  0-1

[Event "10th HIT Open A"]
[Site "Nova Gorica SLO"]
[Date "2005.01.29"]
[Round "3"]
[White "Spelec,D"]
[Black "Srebrnic,V"]
[Result "0-1"]
[WhiteElo "2078"]
[BlackElo "2240"]

1.d4 d6 2.e4 Nf6 3.Nc3 e5 4.Nf3 Nbd7 5.Bc4 Be7 6.h3 O-O 7.Be3 c6 8.a4 b6
9.Qe2 a6 10.Bb3 Bb7 11.O-O b5 12.axb5 cxb5 13.Nd2 b4 14.Nd5 Nxd5 15.Bxd5 Bxd5
16.exd5 a5 17.dxe5 Nxe5 18.Bd4 Bf6 19.c3 Nd7 20.Bxf6 Nxf6 21.Qd3 bxc3 22.bxc3 Qc7
23.c4 Rfc8 24.Ra4 Nd7 25.Qg3 Nc5 26.Ra3 Re8 27.Rfa1 a4 28.Qf4 Rab8 29.Qd4 Qe7
30.Re3 Qf6 31.Qxf6 gxf6 32.Rg3+ Kf8 33.Rg4 Re2 34.Nf3 Rbb2 35.Nd4 Rxf2 36.Re1 a3
37.Nb5 a2 38.Nc3 f5 39.Rg3 Ne4 40.Nxe4 fxe4  0-1

[Event "13th Fajr Open"]
[Site "Tehran IRI"]
[Date "2005.01.29"]
[Round "5"]
[White "Kayumov,S"]
[Black "Badjarani,I"]
[Result "1-0"]
[WhiteElo "2417"]
[BlackElo "2333"]

1.e4 d6 2.d4 Nf6 3.Nc3 e5 4.Nf3 Nbd7 5.Bc4 Be7 6.O-O c6 7.a4 O-O 8.Re1 Qc7
9.Ba2 b6 10.d5 c5 11.Nd2 Ne8 12.a5 Bg5 13.Bc4 g6 14.Bb5 a6 15.Bxd7 Bxd2 16.axb6 Qxd7
17.Bxd2 Qb7 18.Na4 Bd7 19.Ba5 f5 20.Nc3 f4 21.f3 g5 22.Kf2 h5 23.Rg1 Nf6
24.Ke1 Kf7 25.Kd2 Bb5 26.Qe1 Nd7 27.g3 Rg8 28.h4 g4 29.Qf2 Ke7 30.gxf4 exf4
31.fxg4 hxg4 32.Qxf4 Ne5 33.Qh6 Bd7 34.Qh7+  1-0

[Event "Bundesliga 2004-5"]
[Site "Baden Oos GER"]
[Date "2005.01.30"]
[Round "9"]
[White "Reeh,O"]
[Black "Miltner,A"]
[Result "0-1"]
[WhiteElo "2464"]
[BlackElo "2402"]

1.e4 d6 2.d4 Nf6 3.Nc3 e5 4.Nf3 Nbd7 5.Bc4 Be7 6.O-O O-O 7.a4 a5 8.Re1 c6
9.h3 exd4 10.Nxd4 Nc5 11.Bf4 Be6 12.Nxe6 fxe6 13.e5 Nd5 14.exd6 Bxd6 15.Bxd6 Qxd6
16.Ne4 Nxe4 17.Rxe4 Rf6 18.Qd4 Raf8 19.Rf1 Rf4 20.Bb3 R8f6 21.Qe5 Qxe5 22.Rxe5 R4f5
23.Rxf5 Rxf5 24.Re1 Kf7 25.g3 Kf6 26.Kg2 Re5 27.Rxe5 Kxe5 28.c3 b5 29.Bc2 h6
30.axb5 cxb5 31.Bd3 b4 32.f4+ Kd6 33.cxb4 Nxb4 34.Bc4 Nd5 35.Kf3 Kc5 36.Ba2 Kd4
37.h4 a4 38.Bb1 Ne3 39.Ba2 Nc4 40.Ke2 Nxb2 41.Bxe6 Nc4 42.Bf5 a3  0-1

[Event "TCh-BEL 2004-5"]
[Site "Belgium BEL"]
[Date "2005.01.30"]
[Round "8"]
[White "Roofthoofd,M"]
[Black "Wuts,F"]
[Result "0-1"]
[WhiteElo "2262"]
[BlackElo "2306"]

1.e4 d6 2.d4 Nf6 3.Nc3 c6 4.g3 Qa5 5.Bg2 e5 6.Ne2 h5 7.h4 Be7 8.Bg5 Bg4 9.Qd2 Nbd7
10.O-O Nf8 11.a3 N8h7 12.Be3 Nd7 13.f3 Be6 14.d5 cxd5 15.Nxd5 Qxd2 16.Nc7+ Kf8
17.Nxe6+ fxe6 18.Bxd2 g5 19.hxg5 Bxg5 20.f4 exf4 21.Bb4 Ke8 22.Nxf4 Nhf8
23.Bxd6 Rc8 24.c3 h4 25.g4 e5 26.Nh5 Rg8 27.Rf5 Ne6 28.Kh2 Bd8 29.Bxe5 Nxe5
30.Rxe5 Bc7 31.Nf6+ Kf7 32.Nxg8 Bxe5+ 33.Kh3 Rxg8  0-1

[Event "ch-Kiev"]
[Site "Kiev UKR"]
[Date "2005.01.30"]
[Round "11"]
[White "Evchin,M"]
[Black "Kernazhitsky,L"]
[Result "1-0"]
[WhiteElo "2248"]
[BlackElo "2377"]

1.e4 d6 2.d4 Nf6 3.Nc3 e5 4.Nge2 Be7 5.g3 exd4 6.Nxd4 d5 7.e5 Ng4 8.e6 Nf6
9.exf7+ Kxf7 10.Bg2 c6 11.O-O Na6 12.Re1 Bg4 13.Nf3 Bxf3 14.Qxf3 Qd7 15.Bg5 Rhf8
16.Ne2 Kg8 17.Nf4 Nc5 18.c4 Nce4 19.Bxf6 Rxf6 20.cxd5 cxd5 21.Rad1 Bb4 22.Rxe4 dxe4
23.Qb3+ Qf7 24.Qxb4 Rb6 25.Qxe4 Rxb2 26.Bh3 Qf6 27.Rd7 Kh8 28.Bf5 Rd8 29.Nd5 Qf8
30.Qh4  1-0

[Event "10th HIT Open A"]
[Site "Nova Gorica SLO"]
[Date "2005.01.31"]
[Round "6"]
[White "Kovacevic,A"]
[Black "Tratar,M"]
[Result "1-0"]
[WhiteElo "2554"]
[BlackElo "2469"]

1.e4 d6 2.d4 Nf6 3.Nc3 e5 4.Nf3 Nbd7 5.Bc4 Be7 6.O-O O-O 7.Re1 c6 8.a4 Qc7
9.b3 Nb6 10.Be2 a5 11.Ba3 Re8 12.Qd3 exd4 13.Qxd4 d5 14.Bxe7 Rxe7 15.exd5 Nbxd5
16.Nxd5 Nxd5 17.Bd3 h6 18.c4 Nf6 19.Rxe7 Qxe7 20.Re1 Qf8 21.Qb6 Nd7 22.Qe3 Nc5
23.Qxc5 Qxc5 24.Re8+ Qf8 25.Bh7+ Kxh7 26.Rxf8 b5 27.h4 bxa4 28.bxa4 c5 29.Ne5 Bb7
30.Rxf7 Be4 31.Nd7 Rc8 32.Nf6+  1-0

[Event "13th Fajr Open"]
[Site "Tehran IRI"]
[Date "2005.01.31"]
[Round "7"]
[White "Ibrahim,I UAE"]
[Black "Doostkam,P"]
[Result "0-1"]
[WhiteElo "2091"]
[BlackElo "2221"]

1.e4 d6 2.d4 Nf6 3.Nc3 e5 4.dxe5 dxe5 5.Qxd8+ Kxd8 6.Bc4 Be6 7.Bxe6 fxe6
8.Be3 Bd6 9.O-O-O Ke7 10.Nge2 Nc6 11.Rhf1 a6 12.f4 b5 13.a3 Ng4 14.Bg1 exf4
15.Nxf4 g5 16.Nh5 Bxh2 17.Bxh2 Nxh2 18.Rf6 Ne5 19.Rf2 Nhg4 20.Rfd2 Rad8 21.Rxd8 Rxd8
22.Rxd8 Kxd8 23.a4 b4 24.Ne2 Ne3 25.Nd4 Ke7 26.Nf3 Nxf3 27.gxf3 Kf7 28.Ng3 Kg6
29.b3 h5 30.Kd2 h4 31.Nh1 Ng2 32.a5 Nf4 33.c3 c5 34.cxb4 cxb4 35.Ke3 e5 36.Nf2 h3
37.Ng4 Kh5 38.Kf2 Kh4 39.Kg1 Kg3 40.Nxe5 Ne2+ 41.Kh1 Kf4 42.Ng6+ Kxf3 43.e5 g4
44.Kh2 Nd4 45.Nh4+ Kf2  0-1

[Event "XII It"]
[Site "Montecatini Terme ITA"]
[Date "2005.02.01"]
[Round "7"]
[White "Miladinovic,I"]
[Black "De Santis,A"]
[Result "1-0"]
[WhiteElo "2611"]
[BlackElo "2293"]

1.d4 d6 2.e4 Nf6 3.Nc3 c6 4.Nf3 Bg4 5.h3 Bh5 6.Bd3 e6 7.g4 Bg6 8.g5 Nfd7
9.Ne2 d5 10.Ng3 Bd6 11.e5 Be7 12.h4 c5 13.Bxg6 hxg6 14.c3 cxd4 15.cxd4 Nc6
16.Kf1 Qb6 17.Kg2 O-O-O 18.Bf4 Kb8 19.Rb1 Qa6 20.a3 Nb6 21.Ne2 Na5 22.Nc3 Qc4
23.Rh3 Nb3 24.Ne2 Qb5 25.Ne1 Na5 26.b3 Rc8 27.a4 Qd7 28.Bd2 Nc6 29.a5 Na8
30.b4 a6 31.b5 axb5 32.Rxb5 Na7 33.Rb2 Rc7 34.a6 b6 35.Ba5 Rc6 36.Qb1 Kc7
37.Rc3 Rb8 38.Nd3 Qc8 39.Bb4 Rxc3 40.Nxc3 Kd7 41.Bc5 Qxa6 42.Ra2 Qb7 43.Bd6 Nc7
44.Na4 Bxd6 45.exd6 Na6 46.Rb2 Kd8 47.Rxb6 Qa8 48.Ne5 f6 49.gxf6 gxf6 50.Qxg6 fxe5
51.Qf6+ Kd7 52.Qe7+  1-0

[Event "10th HIT Open A"]
[Site "Nova Gorica SLO"]
[Date "2005.02.01"]
[Round "7"]
[White "Nevednichy,V"]
[Black "Azmaiparashvili,Z"]
[Result "1/2-1/2"]
[WhiteElo "2559"]
[BlackElo "2662"]

1.e4 d6 2.d4 Nf6 3.Nc3 e5 4.Nf3 Nbd7 5.Bc4 Be7 6.O-O O-O 7.Re1 c6 8.a4 b6
9.d5 cxd5 10.Nxd5 Bb7 11.b3 Rc8 12.Re2 Nxd5 13.Bxd5 Bxd5 14.Qxd5 Nf6 15.Qd1 d5
16.exd5 Qxd5 17.Qxd5 Nxd5 18.Nxe5 Rfe8 19.c4 Nc3 20.Re1 Bd6 21.Nf3 Rxe1+
22.Nxe1 Be5 23.Kf1 Rd8 24.a5 Ne2 25.Rb1 Nc3 26.Ra1 Ne2 27.Rb1 Nc3 28.Ra1  1/2-1/2